00157nam a2200085 4500040000800000082001600008100001900024245001900043300000900062 cDLC a813.54bUSA aDavid Baldacci aSimple Genius  a420p